| 000 | 00523nam a2200181Ia 4500 | ||
|---|---|---|---|
| 008 | 120822t2005 xxu||||| |||| 00| 0 sin d | ||
| 041 | _asin | ||
| 080 |
_a8-31 (Indian) _bBOS |
||
| 100 | _aBose,Sisir Kumar | ||
| 245 | _aනේතාජී සුභාෂ් චන්ද්ර බෝස් | ||
| 246 | _aNethajee Subhash Chandra Bose | ||
| 260 |
_aS. Godage _aColombo _c2005 |
||
| 300 | _b144p, 21 cm | ||
| 700 |
_aAlahakoon,Uditha _etr. |
||
| 942 | _cBK | ||
| 999 |
_c41099 _d41099 |
||
| 003 | LK-CoDNM | ||
| 040 |
_aLK-CoDNM _dLK-CoDNM _eLK-CoDNM |
||